| 000 | 00975nas a2200325 4500 | ||
|---|---|---|---|
| 001 | BR8102066 | ||
| 003 | BR-BrBNA | ||
| 005 | 20231205084626.0 | ||
| 007 | ta | ||
| 008 | 230509b bl.|||p| |||| 00| 00por d | ||
| 040 |
_aBR-BrBNA _bpor _cBiblioteca Nacional de Agricultura |
||
| 041 | _a(Pt) | ||
| 072 | _aP05; F00; Q10 | ||
| 100 | 1 | _aCruz, M. | |
| 245 | 1 | _aBibliografia; destilarias [Alcool; Residuo organico; Destilacao] | |
| 246 | 1 | _a[Bibliography; distilleries [Alcohol; Organic waste; Distillation]] | |
| 650 | _aRecurso energetico | ||
| 650 | _aProducao vegetal | ||
| 650 | _aTecnologia de alimento | ||
| 650 | _aAlcool | ||
| 650 | _aCombustivel | ||
| 650 | _aEtanol | ||
| 650 | _aDestilaria | ||
| 650 | _aDestilacao | ||
| 650 | _aResiduo organico | ||
| 650 | _aBibliografia | ||
| 773 | 0 |
_tBrasil Acucareiro (Brazil) _xISSN 0006-9167 _g(Feb 1980), v. 95(2) p. 43-48 _wBR8102066 |
|
| 909 |
_a202311 _bLúcia _c55 _dLúcia Elande |
||
| 942 |
_2AGRIS _n0 _cANA |
||
| 999 |
_c106317 _d106317 |
||